Phân lập và nhận diện vi khuẩn hòa tan lân - kali từ vật liệu phong hóa ở vùng núi Ba Hòn (Hòn Đất, Hòn Me, Hòn Quéo), huyện Hòn Đất, Kiên Giang : Luận văn Thạc sĩ Khoa học. Chuyên ngành: Công nghệ sinh học

Phân lập và nhận diện các dòng vi khuẩn có khả năng hòa tan lân và kali ở vùng núi đá Ba Hòn, huyện Hòn Đất, Kiên Giang.

Guardat en:
Dades bibliogràfiques
Autor principal: Dương, Xuân Đào
Format: Llibre
Idioma:Undetermined
Publicat: Cần Thơ Đại học Cần Thơ 2011
Matèries:
Etiquetes: Afegir etiqueta
Sense etiquetes, Sigues el primer a etiquetar aquest registre!
Thư viện lưu trữ: Trung tâm Học liệu Trường Đại học Cần Thơ
LEADER 01263nam a2200229Ia 4500
001 CTU_170773
008 210402s9999 xx 000 0 und d
082 |a 579.362 
082 |b Đ108 
088 |a 60420201 
100 |a Dương, Xuân Đào 
245 0 |a Phân lập và nhận diện vi khuẩn hòa tan lân - kali từ vật liệu phong hóa ở vùng núi Ba Hòn (Hòn Đất, Hòn Me, Hòn Quéo), huyện Hòn Đất, Kiên Giang : 
245 0 |b Luận văn Thạc sĩ Khoa học. Chuyên ngành: Công nghệ sinh học 
245 0 |c Dương Xuân Đào ; Trần Thị Ngọc Sơn, Cao Ngọc Điệp (Người hướng dẫn Khoa học) 
260 |a Cần Thơ 
260 |b Đại học Cần Thơ 
260 |c 2011 
520 |a Phân lập và nhận diện các dòng vi khuẩn có khả năng hòa tan lân và kali ở vùng núi đá Ba Hòn, huyện Hòn Đất, Kiên Giang. 
650 |a Phosphates,Microorganisms,Microbial phosphate solubilization,Photpho,Vi sinh vật,Vi khuẩn hòa tan photpho 
650 |x Solubility,Độ hòa tan 
904 |i Năm 
980 |a Trung tâm Học liệu Trường Đại học Cần Thơ